| 000 | 00000nam 2200000zi 4500 |
| 001 | 9.931602 |
| 003 | CaOODSP |
| 005 | 20250602092953 |
| 006 | m o d f |
| 007 | cr mn||||||||| |
| 008 | 231219t20242024quca ob f000 0 eng d |
| 020 | |a9780660693590 |
| 040 | |aCaOODSP|beng|erda|cCaOODSP |
| 043 | |an-cn--- |
| 086 | 1 |aR122-53/2024E-PDF |
| 245 | 04|aThe collaborative process on the second-generation cut-off and section 10 voting thresholds : |ban information kit for rights-holders. |
| 264 | 1|a[Gatineau, Quebec] : |bIndigenous Services Canada = Services aux Autochtones Canada, |c[2024] |
| 264 | 4|c©2024 |
| 300 | |a1 online resource (33 pages) : |bcolour illustrations |
| 336 | |atext|btxt|2rdacontent |
| 337 | |acomputer|bc|2rdamedia |
| 338 | |aonline resource|bcr|2rdacarrier |
| 500 | |aIssued also in French under title: Le processus de collaboration sur l'exclusion après la deuxième génération et les seuils de vote en vertu de l'article 10 : trousse d'information pour les titulaires de droits. |
| 504 | |aIncludes bibliographical references (pages 32-33). |
| 650 | 5|aFirst Nations|xLegal status, laws, etc. |
| 650 | 5|aFirst Nations|xBand membership. |
| 710 | 1 |aCanada. |bIndigenous Services Canada, |eissuing body. |
| 775 | 08|tLe processus de collaboration sur l'exclusion après la deuxième génération et les seuils de vote en vertu de l'article 10 : |w(CaOODSP)9.931605 |
| 776 | 0#|tThe collaborative process on the second generation cut-off and section 10 voting thresholds : |w(CaOODSP)9.931606 |
| 856 | 40|qPDF|s855 KB|uhttps://publications.gc.ca/collections/collection_2024/sac-isc/R122-53-2024-eng.pdf |
| 856 | 4 |qHTML|sN/A|uhttps://www.sac-isc.gc.ca/eng/1710424351084/1710424389393 |